A szegedi egyetemen tilos a "Méltóságos uram"

Elmentve itt :
Bibliográfiai részletek
Dokumentumtípus: Cikk
Megjelent: 1941-09-18
Sorozat:Délmagyarország 17 No. 212
Kulcsszavak:Megszólítás egyetemi határozat 1941
Online Access:http://dmarchiv.bibl.u-szeged.hu/33716
LEADER 00443nab a2200145 i 4500
001 delm33716
005 20180927105609.0
008 180927s1941 hu o 0|| hun d
040 |a SZTE Délmagyarország Archívum  |b hun 
041 |a hun 
245 0 2 |a A szegedi egyetemen tilos a "Méltóságos uram"  |h [elektronikus dokumentum] 
260 |c 1941-09-18 
300 |a 5 
490 0 |a Délmagyarország  |v 17 No. 212 
695 |a Megszólítás egyetemi határozat 1941